Open Data Biblioteca Nacional de Portugal


República Portuguesa: Ministério da Cultura
Biblioteca Nacional de Portugal

Catálogo da BNP: acesso por Identificadores Unívocos
Registos Bibliográficos associados ao registo de autoridade

Etiqueta de registo: 00254nam 2200025 450
001 2285162
003 http://id.bnportugal.gov.pt/bib/catbnp/2285162
100 ## $a20250424d2026 k y0pory01030103ba
101 0# $apor$deng
102 ## $aPT
105 ## $ay m 000yy
106 ## $ar
200 1# $aA ansiedade na era digital$ea transformação da angústia à luz de Jean-Paul Sartre$fThaís de Sá Oliveira$gorient. André Barata Nascimento, Fernando José Gastal de Castro
210 #9 $aCovilhã$c[s.n.],$d2026
215 ## $a378 p.$d30 cm
328 #1 $aTese dout. Filosofia, Universidade da Beira Interior, 2026
700 #1 $aOliveira,$bThaís de Sá$31996794
702 #1 $aBarata,$bAndré,$f1972-$4727$3928590
702 #1 $aCastro,$bFernando José Gastal de$4727$31996795
801 #0 $aPT$bBN$gRPC
966 ## $lBN$mFGMON$x1
971 ## $ciquintas$d20260424

OpendataBNP@bnportugal.pt | Mais informação sobre acesso aos dados BNP